[Event "Titled Tuesday intern op 21st May Early"]
[Site "Chess.com INT"]
[Date "2024.05.21"]
[Round "11"]
[White "Kucza, Karol"]
[Black "Wang, Michael J"]
[Result "1-0"]
[WhiteElo "2328"]
[BlackElo "1900"]
[PlyCount "41"]
[EventDate "2024.05.21"]
[EventType "swiss (blitz)"]
[EventRounds "11"]
[EventCountry "USA"]
[SourceTitle "CBM 220 Extra"]
[Source "ChessBase"]
[SourceDate "2024.07.31"]
[SourceVersion "1"]
[SourceVersionDate "2024.07.31"]
[SourceQuality "1"]

1. e4 c6 2. d4 d5 3. Nc3 dxe4 4. Nxe4 Bf5 5. Ng3 Bg6 6. h4 h6 7. Nf3 e6 8. Ne5 Bh7 9. c3 Nd7 10. f4 Nxe5 11. fxe5 Be7 12. h5 Bg5 13. Bd3 Bxd3 14. Qxd3 Bxc1 15. Rxc1 Qg5 16. 0-0 Ne7 17. Ne4 Qh4 18. Nd6+ Kf8 19. Rxf7+ Kg8 20. Rcf1 b6 21. g3 1-0

[Event "Titled Tuesday intern op 21st May Early"]
[Site "Chess.com INT"]
[Date "2024.05.21"]
[Round "7"]
[White "Mazariegos, Silvia Carolina"]
[Black "Wang, Michael J"]
[Result "0-1"]
[WhiteElo "1878"]
[BlackElo "1900"]
[PlyCount "60"]
[EventDate "2024.05.21"]
[EventType "swiss (blitz)"]
[EventRounds "11"]
[EventCountry "USA"]
[SourceTitle "CBM 220 Extra"]
[Source "ChessBase"]
[SourceDate "2024.07.31"]
[SourceVersion "1"]
[SourceVersionDate "2024.07.31"]
[SourceQuality "1"]

1. d4 d5 2. c4 e6 3. Nc3 c6 4. e3 f5 5. g3 Nf6 6. Bg2 Bd6 7. f4 0-0 8. Nf3 dxc4 9. a4 Nd5 10. Ne5 Nd7 11. Nxc4 Bb4 12. Bxd5 cxd5 13. Ne5 Nxe5 14. fxe5 b6 15. 0-0 Ba6 16. Rf2 Rf7 17. Bd2 Rc8 18. Nb5 Bxd2 19. Qxd2 Bxb5 20. axb5 Rfc7 21. Ra3 Rc1+ 22. Kg2 Qd7 23. Rb3 Qf7 24. Rc3 R1xc3 25. bxc3 Qc7 26. Qa2 Qd7 27. Qb3 Rc7 28. Rc2 Qc8 29. Qb4 Qd7 30. Qa4 h6 0-1

[Event "Titled Tuesday intern op 21st May Early"]
[Site "Chess.com INT"]
[Date "2024.05.21"]
[Round "10"]
[White "Mestnikov, Aisen"]
[Black "Wang, Michael J"]
[Result "1/2-1/2"]
[WhiteElo "2077"]
[BlackElo "1900"]
[PlyCount "118"]
[EventDate "2024.05.21"]
[EventType "swiss (blitz)"]
[EventRounds "11"]
[EventCountry "USA"]
[SourceTitle "CBM 220 Extra"]
[Source "ChessBase"]
[SourceDate "2024.07.31"]
[SourceVersion "1"]
[SourceVersionDate "2024.07.31"]
[SourceQuality "1"]

1. d4 d5 2. c4 e6 3. Nf3 c6 4. g3 dxc4 5. Bg2 Nf6 6. 0-0 b5 7. a4 Bb7 8. Nc3 b4 9. Na2 c5 10. dxc5 Qxd1 11. Rxd1 Bxc5 12. Ne5 Bd5 13. Nxc4 Nc6 14. Bxd5 Nxd5 15. e4 Nb6 16. Nxb6 axb6 17. b3 Bd4 18. Rb1 e5 19. Bd2 Bc5 20. Rdc1 Kd7 21. Rc4 Rhc8 22. Bxb4 Nd4 23. Bxc5 Rxc5 24. Rxc5 bxc5 25. Nc3 Rb8 26. a5 Rxb3 27. Rxb3 Nxb3 28. a6 Kc7 29. Nd5+ Kb8 30. f4 Nd4 31. fxe5 Nf3+ 32. Kf2 Nxe5 33. Ke3 Ka7 34. Nc7 Kb6 35. Ne8 g5 36. Nf6 h6 37. h3 Kxa6 38. Ng8 h5 39. Nf6 Kb5 40. Nxh5 Kb4 41. Nf6 Kb3 42. h4 gxh4 43. gxh4 c4 44. Nd5 c3 45. Nxc3 Kxc3 46. Kf4 Kd4 47. Kf5 Nd7 48. h5 Nf8 49. Kf6 Kxe4 50. Kxf7 Nh7 51. Kg6 Nf8+ 52. Kg7 Ne6+ 53. Kf7 Ng5+ 54. Kg6 Kf4 55. h6 Kg4 56. Kf6 Kh5 57. Kg7 Kg4 58. Kg6 Kh4 59. h7 Nxh7 1/2-1/2

[Event "Titled Tuesday intern op 21st May Early"]
[Site "Chess.com INT"]
[Date "2024.05.21"]
[Round "9"]
[White "Wang, Michael J"]
[Black "Badacsonyi, Frankie"]
[Result "1-0"]
[WhiteElo "1900"]
[BlackElo "2204"]
[PlyCount "59"]
[EventDate "2024.05.21"]
[EventType "swiss (blitz)"]
[EventRounds "11"]
[EventCountry "USA"]
[SourceTitle "CBM 220 Extra"]
[Source "ChessBase"]
[SourceDate "2024.07.31"]
[SourceVersion "1"]
[SourceVersionDate "2024.07.31"]
[SourceQuality "1"]

1. d4 Nf6 2. c4 e6 3. Nf3 d5 4. Bg5 dxc4 5. e3 a6 6. Bxc4 b5 7. Be2 Be7 8. Nbd2 Bb7 9. Rc1 Nbd7 10. a4 0-0 11. axb5 axb5 12. Bxb5 c5 13. 0-0 cxd4 14. Nxd4 Nd5 15. Nc6 Bxc6 16. Bxe7 Nxe7 17. Bxc6 Nxc6 18. Rxc6 Ne5 19. Rc3 Rb8 20. b3 Qf6 21. Qc2 Rfd8 22. f4 Ng4 23. h3 Nh6 24. Nf3 Nf5 25. Rc1 h5 26. g4 hxg4 27. hxg4 Nh4 28. Ng5 e5 29. Qh7+ Kf8 30. Qxh4 1-0

[Event "Titled Tuesday intern op 21st May Early"]
[Site "Chess.com INT"]
[Date "2024.05.21"]
[Round "8"]
[White "Wang, Michael J"]
[Black "Md, Bashiq Imrose"]
[Result "1-0"]
[WhiteElo "1900"]
[BlackElo "2140"]
[PlyCount "77"]
[EventDate "2024.05.21"]
[EventType "swiss (blitz)"]
[EventRounds "11"]
[EventCountry "USA"]
[SourceTitle "CBM 220 Extra"]
[Source "ChessBase"]
[SourceDate "2024.07.31"]
[SourceVersion "1"]
[SourceVersionDate "2024.07.31"]
[SourceQuality "1"]

1. d4 d5 2. Bf4 e6 3. e3 Bd6 4. Bg3 Nf6 5. c4 dxc4 6. Bxc4 0-0 7. Nc3 b6 8. Nf3 Bb7 9. 0-0 Nbd7 10. Nd2 Bxg3 11. fxg3 e5 12. d5 Nc5 13. b4 Ncd7 14. a3 c6 15. e4 cxd5 16. Nxd5 Nxd5 17. exd5 Nf6 18. Qe2 Re8 19. Ne4 Nxe4 20. Qxe4 Qd6 21. Rad1 Rad8 22. Rf2 Re7 23. g4 f6 24. h4 Red7 25. g5 fxg5 26. hxg5 Kh8 27. Rdf1 Rg8 28. Rf7 b5 29. Bd3 g6 30. Rxd7 Qxd7 31. Qxe5+ Qg7 32. Rf6 Rd8 33. Bxb5 Bxd5 34. Be8 Bg8 35. Bb5 a6 36. Bxa6 Rd1+ 37. Kf2 Rd2+ 38. Kg3 Rd3+ 39. Bxd3 1-0